Memorias para la historia de las guerras civiles de España / (Record no. 186200)

MARC details
000 -LEADER
campo de control de longitud fija 01599nam a2200325 i 4500
001 - NÚMERO DE CONTROL
campo de control 186200
003 - IDENTIFICADOR DE NÚMERO DE CONTROL
campo de control SpMaBN
005 - FECHA Y HORA DE LA ÚLTIMA TRANSACCIÓN
campo de control 20231210122858.0
008 - DATOS DE LONGITUD FIJA--INFORMACIÓN GENERAL
campo de control de longitud fija 160916s2006 sp |||| |dspa d
020 ## - NÚMERO INTERNACIONAL ESTÁNDAR DEL LIBRO
Número Internacional Estándar del Libro 84-259-1333-0
080 ## - NÚMERO DE LA CLASIFICACIÓN DECIMAL UNIVERSAL
Número de la Clasificación Decimal Universal 929 López de Mendoza y Pons, Agustin
080 ## - NÚMERO DE LA CLASIFICACIÓN DECIMAL UNIVERSAL
Número de la Clasificación Decimal Universal 94(460)"1700/14"(093.3)
080 ## - NÚMERO DE LA CLASIFICACIÓN DECIMAL UNIVERSAL
Número de la Clasificación Decimal Universal 355.48(460)"1700/14"(093.3)
100 1# - ENTRADA PRINCIPAL--NOMBRE DE PERSONA
Nombre de persona López de Mendoza y Pons, Agustín
Títulos y otros términos asociados al nombre Conde de Robres.
9 (RLIN) 131902
245 10 - MENCIÓN DEL TÍTULO
Título Memorias para la historia de las guerras civiles de España /
Mención de responsabilidad, etc. Conde de Robres ; estudio preliminar y transcripción de José María Iñurritegui.
260 ## - PUBLICACIÓN, DISTRIBUCIÓN, ETC.
Lugar de publicación, distribución, etc. Madrid :
Nombre del editor, distribuidor, etc. Centro de Estudios Políticos y Constitucionales,
Fecha de publicación, distribución, etc. 2006.
300 ## - DESCRIPCIÓN FÍSICA
Extensión XCVII, 336 p. ;
Dimensiones 23 cm.
490 1# - MENCIÓN DE SERIE
Mención de serie Clásicos del pensamiento político y constitucional español
600 17 - PUNTO DE ACCESO ADICIONAL DE MATERIA--NOMBRE DE PERSONA
Nombre de persona López de Mendoza y Pons, Agustín
Títulos y otros términos asociados al nombre Conde de Robres.
9 (RLIN) 131902
650 #7 - PUNTO DE ACCESO ADICIONAL DE MATERIA--TÉRMINO DE MATERIA
Término de materia o nombre geográfico como elemento de entrada Guerra de Sucesión española, 1700-1714-
Subdivisión de forma Relatos personales.
9 (RLIN) 160896
700 1# - ENTRADA AGREGADA--NOMBRE PERSONAL
Nombre de persona Iñurritegui, José María.
9 (RLIN) 160897
710 2# - ENTRADA AGREGADA--NOMBRE DE ENTIDAD CORPORATIVA
Nombre de entidad corporativa o nombre de jurisdicción como elemento de entrada Centro de Estudios Políticos y Constitucionales (España)
9 (RLIN) 2666
740 02 - ENTRADA AGREGADA--TÍTULO RELACIONADO/ANALÍTICO NO CONTROLADO
Título relacionado o analítico no controlado Historia de las guerras civiles de España: desde la muerte del señor Carlos II... distribuida en ocho libros... hasta... 1708.
830 0# - PUNTO DE ACCESO ADICIONAL DE SERIE-TÍTULO UNIFORME
Título uniforme Clásicos del pensamiento político y constitucional español
9 (RLIN) 180380
852 ## - LOCALIZACIÓN
Ubicación ES-MaACL
Número de control de estantería A-13956
itemnumber 193255
Sublocalización o colección R.151163
Ubicación en estantería Depósito 1
Signatura antigua Olim: N-6956
Donativo/Legado Donacion: Luis Arriaga
Encuadernación Encuadernación en cartoné
903 ## - NOMBRE PERSONAL DE DONANTE
9 23276
a Arriaga, José Luis
e Donante
942 ## - ELEMENTOS DE ENTRADA SECUNDARIOS (KOHA)
Fuente del sistema de clasificación o colocación Clasificación decimal universal
Tipo de ítem Koha Libro impreso
Holdings
Estatus retirado Estado de pérdida Fuente del sistema de clasificación o colocación Estado de daño No para préstamo Biblioteca de origen Biblioteca actual Ubicación en estantería Fecha de adquisición Fuente de adquisición Total de préstamos Signatura topográfica completa Código de barras Visto por última vez Precio de reemplazo Tipo de ítem Koha
    Clasificación decimal universal     Biblioteca del Ateneo de Madrid Biblioteca del Ateneo de Madrid Depósito 1 16/09/2016 Donación   A-13956 1196311 23/02/2023 23/02/2023 Libro impreso